| 000 | 00421nam a2200133Ia 4500 | ||
|---|---|---|---|
| 008 | 220214s9999 xx 000 0 und d | ||
| 022 | _a0028-2928 | ||
| 245 | 0 | _aNETHERLANDS JOURNAL OF AGRICULTURAL SCIENCE | |
| 260 | _bRoyal Netherlands Society for Agricultural Science, Wageningen, The Netherlands | ||
| 310 | _aQ | ||
| 500 | _aEnding Volume & Year: 35, 1987 | ||
| 500 | _aStarting Volume & Year: 11, 1963 | ||
| 942 | _cBJ | ||
| 999 |
_c2010 _d2010 |
||